The economic value of urban design (Record no. 107103)

MARC details
000 -LEADER
fixed length control field 01190cad a22002175a 4500
001 - CONTROL NUMBER
control field L138280
008 - FIXED-LENGTH DATA ELEMENTS--GENERAL INFORMATION
fixed length control field 070525e20070514xxk f 000 0 eng d
035 ## - SYSTEM CONTROL NUMBER
System control number (Sirsi) u138280
041 0# - LANGUAGE CODE
Language code of text/sound track or separate title eng
050 04 - LIBRARY OF CONGRESS CALL NUMBER
Classification number 711.3 $2 18
110 2# - MAIN ENTRY--CORPORATE NAME
Corporate name or jurisdiction name as entry element AMION Consulting
245 04 - TITLE STATEMENT
Title The economic value of urban design
Remainder of title final report
Medium [electronic resource]
260 ## - PUBLICATION, DISTRIBUTION, ETC.
Place of publication, distribution, etc. Liverpool
Name of publisher, distributor, etc. NWDA/RENEW Northwest
520 ## - SUMMARY, ETC.
Summary, etc. Considers the extent to which good urban design contributes toward economic growth. Presents an analysis of the components and key aspects of good urban design. Presents a framework for the analysis of quality design and its economic value. Presents a number of case studies and applies each of these to the assessment framework. Concludes that an increase of 15-20% in value can be attained by following key strategies for good design. Some of these do not increase building or design costs.
590 ## - LOCAL NOTE (RLIN)
Local note KA
651 #4 - SUBJECT ADDED ENTRY--GEOGRAPHIC NAME
Geographic name England and Wales
Chronological subdivision 1543-
690 ## - LOCAL SUBJECT ADDED ENTRY--TOPICAL TERM (OCLC, RLIN)
Topical term or geographic name as entry element ENVIRONMENTAL AND LAND CONSULTANCY-PLANNING AND DEVELOPMENT
710 1# - ADDED ENTRY--CORPORATE NAME
Corporate name or jurisdiction name as entry element Taylor Young
856 40 - ELECTRONIC LOCATION AND ACCESS
Uniform Resource Identifier <a href="https://www.placesmatter.co.uk/webfm_send/23">https://www.placesmatter.co.uk/webfm_send/23</a>
Public note View the report free of charge at www.placesmatter.co.uk
942 ## - ADDED ENTRY ELEMENTS (KOHA)
Suppress in OPAC 0
Holdings
Withdrawn status Lost status Source of classification or shelving scheme Damaged status Not for loan Home library Current library Shelving location Date acquired Total Checkouts Full call number Barcode Date last seen Copy number Price effective from Koha item type
    Dewey Decimal Classification     Virtual Virtual Online 25/05/2007   ONLINE PUBLICATION 138280-1001 06/08/2019 1 06/08/2019 Book